000 00458nam a2200181 4500
003 SEACOMMC
005 20250806162658.0
008 250806b |||||||| |||| 00| 0 eng d
022 _a81 297 0060 3
040 _aSEACOMMC
082 _a658.31124
_bT529W
100 _aTHORPE ,Edgar and THORPE Showick
245 _aWinning at interviews
260 _aDelhi
_bPearson Education
_c2012
300 _a182
650 _aInterview; Management
942 _cBOOK
999 _c1234
_d1234